Catálogo público

Posibilidades para el desarrollo tecnológico del campo mexicano / (Record no. 219158)

MARC details
000 -CABECERA
campo de control de longitud fija 02621nam a2200421 a 4500
003 - IDENTIFICADOR DEL NÚMERO DE CONTROL
campo de control CHAP
005 - FECHA Y HORA DE LA ÚLTIMA TRANSACCIÓN
campo de control 20230919132309.0
007 - CAMPO FIJO DE DESCRIPCIÓN FÍSICA--INFORMACIÓN GENERAL
campo de control de longitud fija ta
008 - DATOS DE LONGITUD FIJA--INFORMACIÓN GENERAL
campo de control de longitud fija 230918s1996 mx abdofr|||| 001 0 spa d
020 ## - NÚMERO INTERNACIONAL ESTÁNDAR DEL LIBRO
Número Internacional Estándar del Libro 968-36-5028-7
020 ## - NÚMERO INTERNACIONAL ESTÁNDAR DEL LIBRO
Número Internacional Estándar del Libro 968-36-5029-5
020 ## - NÚMERO INTERNACIONAL ESTÁNDAR DEL LIBRO
Número Internacional Estándar del Libro 968-36-5030-9
040 ## - FUENTE DE LA CATALOGACIÓN
Centro catalogador/agencia de origen mxchpua
Centro/agencia transcriptor CHAP
Normas de descripción rda
050 10 - SIGNATURA TOPOGRÁFICA DE LA BIBLIOTECA DEL CONGRESO
Número de clasificación HD1415
Número de documento/Ítem .P67 1996
082 00 - NÚMERO DE LA CLASIFICACIÓN DECIMAL DEWEY
Número de clasificación 681.763
Número de documento/Ítem P67 1996
Número de edición 20
245 10 - MENCIÓN DE TÍTULO
Título Posibilidades para el desarrollo tecnológico del campo mexicano /
Mención de responsabilidad, etc. coordinadores José Luis Solleiro, María del Carmen del Valle y Ernesto Moreno
250 ## - MENCIÓN DE EDICIÓN
Mención de edición 1a edición
264 ## - PRODUCCIÓN, PUBLICACIÓN, DISTRIBUCIÓN, FABRICACIÓN Y COPYRIGHT
Producción, publicación, distribución, fabricación y copyright México :
Nombre del de productor, editor, distribuidor, fabricante Cambio XXI,
Fecha de producción, publicación, distribución, fabricación o copyright 1996
300 ## - DESCRIPCIÓN FÍSICA
Extensión 2 tomos :
Otras características físicas ilustraciones, mapas, gráficas, tablas, fotos
336 ## - TIPO DE CONTENIDO
Fuente rdacontent
Término de tipo de contenido texto
Código de tipo de contenido txt
337 ## - TIPO DE MEDIO
Fuente rdamedia
Nombre/término del tipo de medio sin medio
Código del tipo de medio n
338 ## - TIPO DE SOPORTE
Fuente rdacarrier
Nombre/término del tipo de soporte volumen
Código del tipo de soporte nc
490 1# - MENCIÓN DE SERIE
Mención de serie La estructura económica y social de México (UNAM. CIT)
504 ## - NOTA DE BIBLIOGRAFÍA, ETC.
Nota de bibliografía, etc. Incluye bibliografías
520 2# - SUMARIO, ETC.
Sumario, etc. Las nuevas tendencias de la economía mundial hacia la globalización y el acelerado cambio tecnológico que promueve una reestructuración productiva sustentada en la incorporación deliberada y sistemática del progreso técnico, conducente a elevar la competitividad internacional, es el contexto en que se enmarca este libro. Se analizan también las condiciones de incorporación de México a la economía internacional y la participación en una zona de libre comercio con Estados Unidos y Canadá ante las cuales el gobierno de México ha optado por una apertura comercial con escasas restricciones y por una política económica que se orienta hacia la toma de decisiones por el libre juego de las fuerzas del mercado incluye las ponencias que se presentaron en el Seminario internacional de Innovación Tecnológica en Agricultura y la Agroindustria en México, donde se reunieron agentes del cambio técnico, y se discutieron libre y puntualmente los diferentes aspectos de esta problemática.
650 17 - PUNTO DE ACCESO ADICIONAL DE MATERIA--TÉRMINO DE MATERIA
9 (RLIN) 1172
Término de materia o nombre geográfico como elemento de entrada Agricultura
Subdivisión general Adopción de innovaciones
650 17 - PUNTO DE ACCESO ADICIONAL DE MATERIA--TÉRMINO DE MATERIA
9 (RLIN) 1172
Término de materia o nombre geográfico como elemento de entrada Agricultura
Subdivisión general Aspectos económicos
650 13 - PUNTO DE ACCESO ADICIONAL DE MATERIA--TÉRMINO DE MATERIA
9 (RLIN) 151475
Término de materia o nombre geográfico como elemento de entrada Desarrollo agricola
Subdivisión geográfica México
650 13 - PUNTO DE ACCESO ADICIONAL DE MATERIA--TÉRMINO DE MATERIA
9 (RLIN) 151252
Término de materia o nombre geográfico como elemento de entrada Agriculture
Subdivisión general Innovation adoption
650 13 - PUNTO DE ACCESO ADICIONAL DE MATERIA--TÉRMINO DE MATERIA
9 (RLIN) 151252
Término de materia o nombre geográfico como elemento de entrada Agriculture
Subdivisión general Economic aspects
650 13 - PUNTO DE ACCESO ADICIONAL DE MATERIA--TÉRMINO DE MATERIA
9 (RLIN) 187979
Término de materia o nombre geográfico como elemento de entrada Agricultural development
Subdivisión geográfica Mexico
700 1# - PUNTO DE ACCESO ADICIONAL--NOMBRE DE PERSONA
9 (RLIN) 108416
Nombre de persona Solleiro Rebolledo, José Luis
Término indicativo de función/relación coordinador
700 1# - PUNTO DE ACCESO ADICIONAL--NOMBRE DE PERSONA
9 (RLIN) 117629
Nombre de persona Valle, María del Carmen del
Término indicativo de función/relación coordinadora
700 1# - PUNTO DE ACCESO ADICIONAL--NOMBRE DE PERSONA
9 (RLIN) 78740
Nombre de persona Moreno, Ernesto
Término indicativo de función/relación coordinador
830 ## - PUNTO DE ACCESO ADICIONAL DE SERIE-TÍTULO UNIFORME
9 (RLIN) 64220
Título uniforme La estructura económica y social de México (UNAM. CIT)
856 40 - LOCALIZACIÓN Y ACCESO ELECTRÓNICOS
Identificador Uniforme del Recurso <a href="http://ru.iiec.unam.mx/1393/">http://ru.iiec.unam.mx/1393/</a>
Texto de enlace Descargar PDF
942 ## - ELEMENTOS DE PUNTO DE ACCESO ADICIONAL (KOHA)
Fuente del sistema de clasificación o colocación Dewey Decimal Classification
Tipo de ítem Koha
Holdings
Estado de retiro Estado de pérdida Fuente del sistema de clasificación o colocación Estado dañado Restricciones de uso No para préstamo Código de colección Localización permanente Ubicación/localización actual Fecha de adquisición Fuente de adquisición Enumeración/cronología de publicación seriada Número de inventario Total de préstamos Signatura topográfica completa Código de barras Fecha visto por última vez Número de copia Precio válido a partir de Tipo de ítem Koha
    Dewey Decimal Classification   Préstamo interno   General Ingenieria Agroindustrial Ingenieria Agroindustrial 16/12/2021 Donación Tomo: 1 Donación   681.763 P67 1996 T.1 1102014968 18/09/2023 Ej. 1 18/09/2023 Libro
    Dewey Decimal Classification   Préstamo interno   General Ingenieria Agroindustrial Ingenieria Agroindustrial 16/12/2021 Donación Tomo: 2 Donación   681.763 P67 1996 T.2 1102014969 18/09/2023 Ej. 1 18/09/2023 Libro